00692nam a22001577a 4500003000500000005001700005020001500022082001600037100002200053245007800075260003200153300001600185505027900201650002900480651002500509NUST20230220092054.0 a8120329716 a621.367,JOS aA. Joshi, Madhuri aDigital Image Processing :ban Algorithmic Approcah /cMadhuri A. Joshi,  aPrentice Hall bIndiac2006 axvii, 337 p aDigital Image Processing (Page-1), Different Image Transforms (Page-38), Image Enhancement (Page-69), Restoration (Page-97), Image Analysis (Page-110), Applications of Image Processing (Page-144), Image Coding and Image Compression (Page-175), Computer Tomograpy (Page-218). aDigital Image Processing aAlgorithmic Approcah